Countries by Largest Bordering Country - Map Quiz - Statistics

General Stats
  • This quiz has been taken 126 times
    62 since last reset
  • The average score is 135 of 156
Answers on the Map
Answers color-coded by a green-red scale on the quiz's map according to % correct below.
 
Answer Stats
Country Bordering Country % Correct
Azerbaijan | Belarus | China | +11 others Russia
98%
Argentina | Bolivia | Colombia | +7 others Brazil
95%
Afghanistan | Bhutan | India | +8 others China
95%
East Timor | Malaysia | Papua NewGuinea Indonesia
95%
Portugal Spain
95%
Libya | Mali | Mauritania | +3 others Algeria
93%
Andorra | Belgium | Germany | +4 others France
93%
Benin | Burkina Faso Niger
93%
Iraq | Jordan | Kuwait | +4 others Saudi Arabia
93%
United States Canada
90%
Angola | Central AfricanRepublic | Rwanda | +4 others Dem. Rep. ofthe Congo
90%
Burundi | Republic of the Congo Dem. Rep. of the Congo
90%
Austria | Czech Republic | Denmark | Netherlands Germany
90%
Armenia | Turkey Iran
90%
Botswana | Eswatini | Lesotho | +2 others South Africa
90%
Ireland United Kingdom
90%
Canada | Mexico United States
90%
Brazil | Chile Argentina
88%
Bangladesh India
88%
Turkmenistan | Uzbekistan Kazakhstan
88%
Chad | Egypt | Eritrea | Ethiopia Sudan
88%
Cameroon | Nigeria Chad
86%
Haiti DominicanRepublic
86%
United Kingdom Ireland
86%
Algeria | Sudan Libya
86%
Guinea | Ivory Coast | Senegal Mali
86%
Ecuador Peru
86%
Saudi Arabia Yemen
86%
Dem. Rep. ofthe Congo | Namibia Angola
83%
Israel Egypt
83%
Djibouti | Kenya | Somalia Ethiopia
83%
Sweden Norway
83%
Iran Pakistan
83%
Spain Morocco
81%
South Africa Namibia
81%
Serbia Romania
81%
Cambodia Thailand
81%
Bulgaria | Greece | Syria Turkey
81%
Ghana | Liberia Ivory Coast
76%
Brunei Malaysia
76%
Belize | Guatemala Mexico
76%
Thailand Myanmar
76%
Indonesia Papua NewGuinea
76%
Hungary | Moldova | Romania | Slovakia Ukraine
76%
EquatorialGuinea | Gabon Cameroon
74%
Albania | North Macedonia Greece
74%
Guinea-Bissau | Sierra Leone Guinea
74%
DominicanRepublic Haiti
74%
El Salvador | Nicaragua Honduras
74%
Costa Rica | Honduras Nicaragua
74%
Togo Burkina Faso
71%
Panama Colombia
71%
San Marino | Slovenia | Vatican City Italy
71%
Croatia Hungary
69%
South Korea North Korea
69%
Bosnia andHerzegovina | Kosovo | Montenegro Serbia
69%
Gambia Senegal
67%
Lebanon Syria
62%
Malawi Tanzania
62%
Liechtenstein Austria
52%
No matching quizzes found
Score Distribution
Percent of People with Each Score
Percentile by Number Answered
Your Score History
You have not taken this quiz since the last reset